Gaetano Pesce. Architecture Design Art

Uložené v:
Podrobná bibliografia
Hlavný autor: Vanlaethem, France (Autor)
Médium: Kniha
Jazyk:English
Vydavateľské údaje: London : Thames and Hudson, 1989
Vydanie:1. vydanie
Predmet:
Tagy: Pridať tag
Žiadne tagy, Buďte prvý, kto otaguje tento záznam!

MARC

LEADER 00000nam a22000003a 4500
001 stu11532
005 20150617225804.7
008 950503s1989----uk------------------eng-d
040 |a STU  |b slo 
041 0 |a eng 
044 |a uk 
100 1 |a Vanlaethem, France  |4 aut 
245 1 |a Gaetano Pesce. Architecture Design Art 
250 |a 1. vydanie 
260 |a London :  |b Thames and Hudson,  |c 1989 
300 |a 126 s 
650 7 |a dizajn  |2 stusub 
996 |b 284AU02623  |c A*2485 U  |l AAKNAR  |s A  |a 24  |w stu11532_0001